|
|
|
|
| LEADER |
00000nam0a2200000 4500 |
| 001 |
211609 |
| 005 |
20231101225707.0 |
| 035 |
|
|
|a (RuTPU)RU\TPU\book\231173
|
| 090 |
|
|
|a 211609
|
| 100 |
|
|
|a 20120316d2011 m y0rusy50 ca
|
| 101 |
0 |
|
|a rus
|
| 102 |
|
|
|a RU
|
| 105 |
|
|
|a y j 001zy
|
| 200 |
1 |
|
|a Деловое общение
|e учебное пособие
|f Н. В. Берингова
|g Национальный исследовательский Томский политехнический университет (ТПУ), Институт дистанционного образования (ИДО)
|
| 210 |
|
|
|a Томск
|c Изд-во ТПУ
|d 2011
|
| 215 |
|
|
|a 155 с.
|
| 320 |
|
|
|a Библиогр.: с. 152-153.
|
| 320 |
|
|
|a Глоссарий: с. 138-141.
|
| 330 |
|
|
|a В учебном пособии в кратком виде изложены моменты делового этикета. Цель дисциплины: привить студентам навыки культуры общения в быту и на производстве. Знание делового этикета позволит достойно представить свою фирму, провести переговоры с деловыми партнерами, учитывая особенности предпринимательской деятельности разных стран, приготовить выступление перед аудиторией. Данный курс поможет найти ответ на множество вопросов, касающихся поведения, воспитанности и хороших манер. Пособие подготовлено на кафедре экономики и предназначено для студентов ИДО, обучающихся по специальностям 080103 "Национальная экономика", 080109 "Бухгалтерский учет, анализ, аудит".
|
| 606 |
1 |
|
|a Деловое общение
|x Менеджмент
|2 stltpush
|3 (RuTPU)RU\TPU\subj\67730
|9 83422
|
| 606 |
1 |
|
|a Деловое общение
|x Психология
|2 stltpush
|3 (RuTPU)RU\TPU\subj\38805
|9 59088
|
| 610 |
1 |
|
|a экономика
|
| 610 |
1 |
|
|a психология
|
| 610 |
1 |
|
|a деловой этикет
|
| 610 |
1 |
|
|a подарки
|
| 610 |
1 |
|
|a подарочный кодекс
|
| 610 |
1 |
|
|a вежливость
|
| 610 |
1 |
|
|a выступления
|
| 610 |
1 |
|
|a знакомство
|
| 610 |
1 |
|
|a приветствие
|
| 610 |
1 |
|
|a представление
|
| 610 |
1 |
|
|a деловая переписка
|
| 610 |
1 |
|
|a светская переписка
|
| 610 |
1 |
|
|a одежда
|
| 610 |
1 |
|
|a дресс-код
|
| 610 |
1 |
|
|a комплименты
|
| 610 |
1 |
|
|a обращение
|
| 610 |
1 |
|
|a невербальные средства
|
| 610 |
1 |
|
|a общение
|
| 610 |
1 |
|
|a трудоустройство
|
| 610 |
1 |
|
|a этикет
|
| 610 |
1 |
|
|a Япония
|
| 610 |
1 |
|
|a Китай
|
| 610 |
1 |
|
|a Англия
|
| 610 |
1 |
|
|a Германия
|
| 610 |
1 |
|
|a США
|
| 610 |
1 |
|
|a совещания
|
| 610 |
1 |
|
|a этика
|
| 610 |
1 |
|
|a переговоры
|
| 610 |
1 |
|
|a телефонное общение
|
| 610 |
1 |
|
|a столовый этикет
|
| 610 |
1 |
|
|a свадьбы
|
| 610 |
1 |
|
|a приемы
|
| 610 |
1 |
|
|a труды учёных ТПУ
|
| 610 |
1 |
|
|a учебные пособия
|
| 686 |
|
|
|a Ю953я73
|v LBC/SL-A
|2 rubbk
|
| 700 |
|
1 |
|a Берингова
|b Н. В.
|c экономист
|c заведующий учебно-методическим кабинетом кафедры экономики Томского политехнического университета
|g Наталья Владимировна
|2 stltpush
|3 (RuTPU)RU\TPU\pers\29377
|
| 712 |
0 |
2 |
|a Национальный исследовательский Томский политехнический университет (ТПУ)
|b Институт дистанционного образования (ИДО)
|2 stltpush
|3 (RuTPU)RU\TPU\col\16612
|
| 801 |
|
1 |
|a RU
|b 63413507
|c 20120316
|
| 801 |
|
2 |
|a RU
|b 63413507
|c 20181207
|g RCR
|
| 942 |
|
|
|c BK
|